[Event "Koop Tjuchem op"]
[Site "Groningen"]
[Date "1996.??.??"]
[Round "10"]
[White "Epishin, Vladimir"]
[Black "Cifuentes Parada, Roberto"]
[Result "1/2-1/2"]
[WhiteElo "2620"]
[BlackElo "2500"]
[Annotator "Cifuentes Parada,L"]
[PlyCount "43"]
[EventDate "1996.12.20"]
[EventType "swiss"]
[EventRounds "11"]
[EventCountry "NED"]
[SourceTitle "CBM 057"]
[Source "ChessBase"]
[SourceDate "1997.04.01"]
[SourceVersion "1"]
[SourceVersionDate "1997.04.01"]
[SourceQuality "1"]

1. d4 d5 2. c4 c6 3. Nc3 Nf6 4. Nf3 e6 5. e3 Nbd7 6. Qc2 Bd6 7. Bd3 O-O 8. O-O
Qe7 9. Bd2 dxc4 (9... e5 $5 10. cxd5 cxd5 11. e4 (11. dxe5 Nxe5 12. Nxe5 Qxe5
13. f4 Qh5 14. Nb5 Be7 15. Rae1 Bd7 16. Nd4 Rac8 17. Qb3 b6 18. Bc3 Ne4 19. Be2
Bg4 20. Bxg4 Qxg4 21. Qxd5 Nxc3 22. bxc3 Rxc3 $10 {Vyzmanavin,A-Bareev,E,
Moscovo PCA-op, 1994}) 11... exd4 12. Nxd5 Nxd5 13. exd5 Ne5 $5 (13... Nf6 14.
Nxd4 Bxh2+ 15. Kxh2 Qe5+ 16. Kg1 Qxd4 17. Bc3 Qxd5 18. Bxf6 gxf6 19. Rad1 $1
$44 {Georgiev,Ki} (19. Bxh7+ $6 Kg7 20. Be4 Qh5)) 14. Nxe5 (14. Nxd4 Qh4 15. f4
Ng4 16. Nf3 Qe7 $5 17. Rae1 Bc5+ 18. Kh1 Qd6 $13) 14... Qxe5 15. Bxh7+ Kh8 16.
f4 Qxd5 17. Be4 Qh5 (17... d3 18. Bxd5 dxc2 19. Be4 Rd8 20. Bc3 $16) 18. Qd3
Bg4 19. Rae1 Rae8 20. h3 Bc8 $10 {Georgiev,Ki-Khalifman,A, Pardubice, 1994})
10. Bxc4 e5 (10... a6 $5 11. a4 (11. a3 b5 12. Bd3 c5 13. Ne4 Bb7 (13... c4 $2
14. Nxd6 Qxd6 15. Be2 $16) 14. dxc5 Nxc5 $1 (14... Bxc5 15. Nxc5 Qxc5 16. Bb4
Qxc2 17. Bxc2 Rfc8 18. Rfc1 $14) 15. Nxf6+ Qxf6 (15... gxf6 $5 $13 {Ionov}) 16.
Bxh7+ Kh8 17. e4 $1 Kxh7 $8 {Sokolin,L-Ionov,S, S.Petersburgo-ch, 1992} 18. e5+
Be4 19. Qxe4+ Nxe4 20. exf6 Nxf6 $10) 11... c5 12. h3 (12. dxc5 Bxc5 (12...
Nxc5 $5 13. e4 Ncd7 14. Rae1 Ne5 $13) 13. e4 Ng4 (13... Bd6) 14. Bf4 $8 (14.
Rae1 Nxf2 $1) (14. Bg5 Qd6 15. Rad1 Qc7 $13) 14... Bd6 15. Qd2 $1 (15. Bxd6
Qxd6 16. Rad1 Qc5 $1 17. Be2 b6 18. Nd4 Ngf6 $13) 15... Nde5 $8 (15... Bxf4 16.
Qxf4 Ngf6 17. e5 $16) 16. Nxe5 Bxe5 (16... Nxe5 17. Rad1 Bc7 18. Be2) 17. Rad1
$14 {Vyzmanavin,A-Savchenko,S, Moscovo op, 1992}) (12. Rad1 h6 13. h3 Rb8 14.
Rfe1 b6 15. Qd3 Ra8 16. d5 Ne5 17. Nxe5 Bxe5 18. e4 exd5 19. Nxd5 Nxd5 20. exd5
Qd6 21. Qe4 Bd4 22. Bf4 Qf6 23. Re2 Bd7 24. b3 Rfe8 25. Qf3 b5 26. axb5 axb5
27. Rxe8+ Rxe8 $10) 12... b6 13. d5 Ne5 14. Nxe5 Bxe5 15. e4 exd5 16. Nxd5 Nxd5
17. Bxd5 {1/2-1/2 Piket,J-Oll,L/Antwerpen op (09) ;EXT 96op2 1996}) 11. h3 $5 {
N} (11. Ne4 Nxe4 12. Qxe4 Nf6 13. Qh4 e4 14. Ne5 Be6 15. f4 Bxc4 16. Nxc4 Nd5
17. Qxe7 Bxe7 {1/2-1/2 Lein,A-Bagirov,V, URSS-ch40 Baku,1972}) (11. Ng5 Bc7 12.
Rae1 h6 13. Nge4 Nxe4 14. Nxe4 Nb6 15. Bb3 Bf5 16. Qc5 Qd7 17. Bc2 Rfe8 18. f4
Bxe4 19. Bxe4 exd4 20. exd4 Nd5 21. Bxd5 Qxd5 22. Qxd5 cxd5 $10 {Aronson,
L-Taimanov,M, URSS-ch24 Moscow, 1957}) 11... a6 (11... h6 12. Nh4 $1 $16) 12.
Rad1 Bc7 (12... b5 $6 13. Bd3 c5 (13... Bb7 14. Ne4 Nxe4 15. Bxe4 Nf6 16. dxe5
Bxe5 17. Nxe5 Qxe5 18. Bf3 $16) 14. Ne4 $1 c4 15. Nxd6 $1 cxd3 16. Qc6 $16) 13.
Bb3 $1 (13. a3 b5 14. Ba2 Bb7 $13) 13... c5 14. Ng5 Nb6 $1 $8 (14... h6 $2 15.
Nd5 Qd8 16. Nxf6+ $1 (16. Nxc7 Qxc7 17. Ne4 Nxe4 18. Qxe4 $16) 16... Nxf6 17.
dxe5 Bxe5 18. Bc3 Qe7 19. Bxe5 Qxe5 20. Nxf7 $1 Rxf7 21. Rd8+ Ne8 22. Qg6 $18)
15. dxc5 Qxc5 16. e4 h6 17. Nf3 Qc6 $1 (17... Be6 18. Bxe6 fxe6 19. Qb3 $14)
18. Rc1 Be6 $10 19. Be3 Rac8 20. Nd2 Rfd8 21. Rfd1 Bb8 22. a4 (22. a4 Nbd7 (
22... Nc4 23. Bxc4 Bxc4 24. Nxc4 Qxc4 25. Rxd8+ Rxd8 26. Nd5 Qxc2 27. Nxf6+
gxf6 $14) 23. Bxe6 Qxe6 24. Qb3 Qxb3 25. Nxb3 b6 26. f3 Kf8 $10) 1/2-1/2

[Event "Andorra op 16th"]
[Site "Andorra"]
[Date "1998.??.??"]
[Round "8"]
[White "Kuzmin, Alexey"]
[Black "Cosma, Ioan"]
[Result "1-0"]
[WhiteElo "2545"]
[BlackElo "2480"]
[Annotator "Cosma,I"]
[PlyCount "89"]
[EventDate "1998.06.??"]
[EventType "swiss"]
[EventRounds "9"]
[EventCountry "AND"]
[SourceTitle "EXT 2003"]
[Source "ChessBase"]
[SourceDate "2002.11.25"]
[SourceVersion "1"]
[SourceVersionDate "2002.11.25"]
[SourceQuality "1"]

1. d4 d5 2. c4 e6 3. Nc3 c6 4. e3 Nf6 5. Nf3 Nbd7 6. Qc2 Bd6 7. Bd3 O-O 8. O-O
h6 9. b3 b6 10. e4 dxe4 11. Nxe4 Nxe4 12. Bxe4 Bb7 13. Bb2 Qc7 14. Rfe1 Rfe8
15. Rad1 c5 16. Bxb7 Qxb7 17. dxc5 Bxc5 18. Re2 Be7 19. Red2 Rad8 20. a3 a5 21.
Bc3 Qc7 22. b4 axb4 23. axb4 Qxc4 $4 (23... Bf6) 24. Rxd7 Rxd7 25. Rxd7 Bxb4
26. Rd3 (26. Rd4 Qxc3 27. Qa4 Qc1+ 28. Rd1 Rc8) 26... Rc8 27. Nd2 $18 Qc6 28.
Nb1 Qe4 29. g3 Qf5 30. Qd1 Bc5 31. Qf3 Qg6 32. Nd2 b5 33. Qe4 Qg5 34. Bd4 Bf8
35. Kg2 b4 36. Be3 Qb5 37. Nb3 Kh8 38. Rd1 Rc3 39. Rd8 Kg8 40. Nd4 Qa6 41. Bxh6
(41. Nxe6 Qxe6 42. Rxf8+ Kxf8 43. Qxb4+) 41... Qb6 42. Bg5 Qc5 43. Nxe6 fxe6
44. Qxe6+ Kh7 45. Qe4+ 1-0

[Event "CAN-ch zt"]
[Site "Richmond"]
[Date "2002.03.30"]
[Round "10"]
[White "Cummings, David H"]
[Black "Lesiege, Alexandre"]
[Result "1/2-1/2"]
[WhiteElo "2373"]
[BlackElo "2572"]
[Annotator "Cummings,D"]
[PlyCount "102"]
[EventDate "2002.03.21"]
[EventType "swiss"]
[EventRounds "11"]
[EventCountry "CAN"]
[SourceTitle "CBM 088"]
[Source "ChessBase"]
[SourceDate "2002.03.21"]
[SourceVersion "1"]
[SourceVersionDate "2002.03.21"]
[SourceQuality "1"]

1. c4 c6 2. Nf3 d5 3. d4 Nf6 4. e3 e6 5. Nc3 Nbd7 6. Qc2 Bd6 7. Bd3 O-O 8. O-O
dxc4 9. Bxc4 a6 10. Rd1 Qc7 ({The critical test and also more active is} 10...
b5) 11. Ne4 $1 ({Much better than} 11. e4 {which can be answered by} e5 {
After the text, White's queen and light squared bishop soon combine to
generate an initiative against Black's kingside.}) 11... Nxe4 12. Qxe4 c5 13.
Bd3 Nf6 14. Qh4 e5 {Otherwise White plays 15.e4 with a strong attack.} 15. dxe5
Bxe5 16. Nxe5 Qxe5 17. Bd2 $1 {White doesn't waste time defending the b/pawn.}
Qxb2 {The capture looks risky, but since Black is bound to suffer under
White's bishop pair in any case, he might as well grab a pawn for compensation.
} 18. Rac1 h6 19. Bc3 Qb6 20. a4 $1 ({Since the ending after} 20. Bxf6 Qxf6 21.
Qxf6 gxf6 22. Rxc5 Be6 {is probably fine for Black, White needs to find
another way to improve his position before he can make any progress. With this
idea in mind, White prepares for a better version of the same ending by first
fixing his opponent's queenside pawn structure.}) 20... Re8 21. a5 Qe6 22. Bc4
Qe7 23. Bxf6 Qxf6 24. Qxf6 gxf6 25. Bd5 Re5 $6 ({Black can try} 25... Rb8 {
although White still has the better ending after} 26. Rxc5 b6 27. Rb1 {Trying
to hold on for the draw, however, did not suit Alexandre's tournament position.
}) 26. e4 Be6 $2 {Objectively, this move allows White to force a position in
which every one of Black's pieces has been trapped.} 27. f4 Rh5 28. Bxb7 Ra7
29. Rb1 $6 ({The text doesn't spoil anything, but White has a simple win after
} 29. Rd8+ {when} Kg7 ({and} 29... Kh7 30. Rb8 Bb3 31. Rc3 c4 32. e5 $1 fxe5
33. Bf3 {traps Black's rook}) 30. Rb8 Bb3 31. Rc3 c4 32. Rg3+ Kh7 33. Rgg8 {
forces a quick mate.}) 29... Ba2 30. Rb6 c4 31. f5 ({Black's king remains
trapped after} 31. Rd8+ $1) 31... Kf8 32. Rd7 ({Much simpler is} 32. Rd8+ Ke7
33. Rc8) 32... Rh4 33. Rc7 $4 {White overlooks the only trap in the position...
} Rxe4 $1 34. Rxf6 ({I had seen Black's last, but missed that Black now
defends with} 34. Rc8+ Re8) 34... c3 35. Bxe4 $2 ({White has lost his
composure. Given my intention to take the rook with Bxe4, infinitely better is
} 35. Rcxf7+ Bxf7 36. Bxe4) 35... Rxc7 36. Bc2 Bc4 37. Rxh6 Ke7 38. g4 Bd5 39.
Rxa6 Rc4 40. f6+ Kd7 41. Rb6 Rxg4+ 42. Kf1 Kc7 ({During the game I was
concerned about} 42... Rg2 {but after} 43. Ba4+ Kc7 44. Rb5 Bc4+ 45. Kxg2 Bxb5
46. Bc2 {White is doing well.}) 43. Ke2 Rh4 44. Ke3 Rxh2 45. Kd3 Be4+ 46. Kxe4
Rxc2 47. Kd3 Ra2 48. Ra6 ({The game is prolonged needlessly after} 48. Kxc3
Rxa5 {since Black can win White's pawn/f6.}) 48... Kb7 49. Rb6+ Kc7 50. Ra6 Kb7
51. Rb6+ Kc7 1/2-1/2

[Event "Bundesliga 9697"]
[Site "Germany"]
[Date "1996.??.??"]
[Round "?.1"]
[White "Dautov, Rustem"]
[Black "Shirov, Alexei"]
[Result "1/2-1/2"]
[WhiteElo "2615"]
[BlackElo "2685"]
[Annotator "Dautov,R"]
[PlyCount "52"]
[EventDate "1996.10.12"]
[EventType "team-tourn"]
[EventRounds "15"]
[EventCountry "GER"]
[SourceTitle "GER-chT"]
[Source "ChessBase"]
[SourceDate "1999.07.01"]
[SourceVersion "1"]
[SourceVersionDate "1999.07.01"]
[SourceQuality "1"]
[WhiteTeam "St Ingbert"]
[BlackTeam "Empor Berlin"]
[WhiteTeamCountry "GER"]
[BlackTeamCountry "GER"]

1. d4 d5 2. c4 c6 3. Nf3 Nf6 4. Nc3 e6 5. e3 Nbd7 6. Qc2 Bd6 7. Bd3 O-O 8. O-O
Qe7 $6 (8... dxc4) 9. c5 $1 {N} Bc7 10. e4 $14 dxe4 (10... e5 $2 11. exd5 cxd5
12. Bg5 e4 13. Nxd5 Nxd5 14. Bxe7 exd3 15. Qc4 Nxe7 16. d5 Ne5 17. Nxe5 Bxe5
18. Rae1 Bf6 19. Qxd3 $18 {Dautov,R-Ribli,Z/BL 9697}) 11. Nxe4 h6 (11... Nxe4
12. Bxe4 Nf6 $2 13. Bg5 h6 14. Bh4 $16) 12. Re1 Rd8 13. a3 (13. Ng3 $5 Nd5 14.
a3 $14) (13. b4 Nxe4 14. Rxe4 (14. Bxe4 a5) 14... a5 15. b5 cxb5 16. Bxb5 Nf6
17. Re1 Bd7 18. Rb1 Bc6 19. Bxc6 bxc6 20. Bd2 $14) 13... Nxe4 14. Bxe4 (14.
Rxe4 Nf6 15. Rh4 {/\Bf4} b6 $1 (15... Nd5 16. Bd2 {/\Re1|^}) (15... e5 $2 16.
dxe5 Bxe5 17. Bxh6 $1 gxh6 18. Re1 $40 Ng4 19. Rh5 (19. h3 Nh2 $1) 19... Rxd3
20. Qxd3 Qxc5 21. Qd8+ Kg7 22. Qh4 $16) 16. b4 a5 17. cxb6 Bxb6 18. Qxc6 Qa7
19. bxa5 Bxa5 20. Rb1 Ba6 $44) 14... Nf6 15. Bd3 Bd7 (15... b6 $5 {/\} 16. cxb6
$2 axb6 17. Ne5 (17. Qxc6 $2 Bb7) 17... Bb7 $132) 16. b4 Be8 17. Qe2 $1 {/\Bd2}
(17. Bd2 Nd5) 17... Nd5 $2 (17... a5 18. Bd2 axb4 19. axb4 b6 20. Bc2 $14) (
17... b6 18. Ba6 $14) 18. Qe4 Nf6 19. Qh4 $16 Rd5 (19... Nd5 20. Bg5 $1 f6 21.
Bd2 $16) 20. g4 $5 (20. Ne5 Qd8 (20... Bxe5 21. Rxe5 $16) (20... Rad8 21. Bb2)
21. Bb2 Nd7 (21... Bxe5 22. dxe5 Rxd3 23. exf6 $40) 22. Qxd8 Rxd8 23. Be4 Nxe5
24. dxe5 R5d7 25. Bc3 $16) 20... Bd8 (20... Qd8 21. g5 Nh7 22. Be4 Rd7 23. Kh1
{/\Rg1} (23. Qh3 f5) 23... f5 24. Bc2 $40) 21. g5 Nh7 22. Be4 (22. Bxh7+ Kxh7
23. Qe4+ g6 24. gxh6 Qf6 $14) 22... Nxg5 23. Nxg5 Rxg5+ 24. Bxg5 Qxg5+ 25. Qxg5
Bxg5 (25... hxg5 $5) 26. b5 $2 (26. Red1 $2 Rd8 27. Rd3 f5 28. Bg2 e5 $132) (
26. Rad1 $1 Rd8 (26... a5 27. b5 $16) 27. Rd3 Bf6 (27... f5 $2 28. Bf3 Bf7 29.
b5) 28. Red1 a6 29. f4 $16) 26... Bf6 (26... Bf6 27. bxc6 Bxc6 28. Bxc6 bxc6
29. Red1 Rd8 30. Rab1 Bxd4 31. Kf1 Rd5 (31... e5 32. Rb7 Rd5 33. Rxa7 Rxc5 34.
Ra8+ Kh7 35. Rd2 $13) 32. Rb8+ Kh7 33. Rb7 Bxc5 34. Rxd5 cxd5 35. Rxf7 Bxa3 36.
Rxa7 $10) 1/2-1/2

[Event "Bad Zwesten op 1st"]
[Site "Bad Zwesten"]
[Date "1997.??.??"]
[Round "5"]
[White "Dautov, Rustem"]
[Black "Luther, Thomas"]
[Result "1/2-1/2"]
[WhiteElo "2590"]
[BlackElo "2520"]
[Annotator "Dautov,R"]
[PlyCount "77"]
[EventDate "1997.01.02"]
[EventType "swiss"]
[EventRounds "7"]
[EventCountry "GER"]
[SourceTitle "CBM 057"]
[Source "ChessBase"]
[SourceDate "1997.04.01"]
[SourceVersion "1"]
[SourceVersionDate "1997.04.01"]
[SourceQuality "1"]

1. d4 e6 2. c4 Nf6 3. Nf3 d5 4. Nc3 c6 5. e3 Nbd7 6. Qc2 Bd6 7. Bd3 O-O 8. O-O
dxc4 9. Bxc4 a6 10. Rd1 b5 11. Be2 (11. Bf1 c5 12. dxc5 Bxc5 13. Ng5 Bb7 14.
Nce4 Nxe4 15. Nxe4 Be7 16. Nd6 Bd5 17. e4 Bxd6 18. exd5 Rc8 19. Qe2 exd5 20.
Rxd5 Nf6 21. Rd3 Qc7 $10 {Karpov,An-Polgar,Zs/Madrid 1992}) 11... c5 {N} (11...
Qc7 12. e4 e5 13. g3 Re8 14. a3 Bb7 15. Bg5 h6 $6 16. dxe5 Bxe5 17. Nxe5 hxg5
18. Nxd7 Nxd7 19. Qd2 $16 {Epishin,V-Polgar,Zsu/Madrid 1992}) 12. dxc5 Bxc5 (
12... Nxc5 $2 13. b4 $16) 13. Ne4 $1 Nxe4 (13... Qb6 14. Nxc5 Nxc5 15. b3 Bb7
16. Bb2 $14) 14. Qxe4 Ra7 (14... Qc7 $2 15. b4 Bb6 16. Bb2 Bb7 17. Qg4 $16) 15.
b4 $14 Bb7 (15... Qf6 16. Rb1 Bb7 17. Qc2 Bxf3 18. Bxf3 Be7 19. Bb2 $16) 16.
Qf4 Bxf3 (16... Be7 $2 17. Ne5 Bd5 18. Rxd5 exd5 19. Nc6 $16) 17. Bxf3 Be7 18.
Bb2 (18. a4 Bf6 19. Ra3 bxa4 20. Rxa4 Qb6 $10) 18... Qb8 $1 (18... Bf6 $2 19.
Bxf6 Qxf6 20. Qxf6 gxf6 (20... Nxf6 21. a4 bxa4 22. Rxa4 Rb8 23. b5 $16) 21. a4
bxa4 22. Rxa4 $16 {><a6}) 19. Rac1 (19. a4 $2 Qxf4 20. exf4 bxa4 21. Rxa4 Nb6
$15) 19... Bf6 20. Bxf6 Nxf6 21. a3 (21. Rc3 Qxf4 (21... e5 22. Qf5 a5 23. bxa5
Rxa5 24. Rc2 b4 25. Rdc1 Qd6 26. h3 $14) 22. exf4 Rb8 23. Ra3 Kf8 24. Rd6 (24.
Ra5 Ke7 $10) 24... Rc8 25. g3 Rc4 $10) (21. Qxb8 Rxb8 22. a3 Kf8) 21... Qxf4
22. exf4 Rb8 23. g4 Kf8 24. Rc6 a5 (24... Ke7 25. g5 Ne8 $1 (25... Nd7 26. Rdd6
a5 27. Ra6 Rxa6 28. Rxa6 axb4 29. axb4 $14)) 25. g5 Ne8 26. Rc5 axb4 27. axb4
Rc7 $1 $10 28. Kf1 (28. Be4 Rxc5 29. bxc5 b4 30. c6 b3 31. Rd7 Rb4 $1 (31... b2
$4 32. Rb7 $18) 32. Bd3 (32. f3 Rc4 $10) 32... Rb6 33. Be4 Rb4 $10) (28. Rxc7
Nxc7 29. Ra1 Nd5 30. Bxd5 exd5 $10) 28... Rxc5 29. bxc5 b4 30. Ke2 b3 31. c6 (
31. Be4 Rb4 32. f3 f5) 31... b2 32. Be4 Rb4 33. f3 f5 34. gxf6 gxf6 (34... Nxf6
35. c7 Rc4 36. Rd8+ Ke7 37. Rb8 $10) 35. f5 exf5 36. Bxf5 Rc4 37. Be4 Nd6 38.
Rb1 Nxe4 39. fxe4 1/2-1/2

[Event "GER CupT sf2"]
[Site "Bad Godesberg"]
[Date "1999.03.13"]
[Round "?.4"]
[White "Dautov, Rustem"]
[Black "Schaefer, Markus"]
[Result "1-0"]
[WhiteElo "2598"]
[BlackElo "2406"]
[Annotator "Dautov,R"]
[PlyCount "57"]
[EventDate "1999.03.??"]
[EventType "team"]
[EventRounds "4"]
[EventCountry "GER"]
[SourceTitle "EXT 2000"]
[Source "ChessBase"]
[SourceDate "1999.11.16"]
[SourceVersion "1"]
[SourceVersionDate "1999.11.16"]
[SourceQuality "1"]
[WhiteTeam "Godesberg"]
[BlackTeam "Solingen"]
[WhiteTeamCountry "GER"]
[BlackTeamCountry "GER"]

1. d4 d5 2. c4 c6 3. Nc3 Nf6 4. e3 e6 5. b3 Nbd7 6. Bb2 Bd6 7. Nf3 O-O 8. Bd3
Qe7 9. Qc2 (9. O-O e5 $11) 9... Re8 $1 {Der beste Weg zum Ausgleich. Schwarz
plant e6-e5, wonach der Anziehende wegen der Drohung e5-e4 keine Zeit zum
Zwischenschlagen c4xd5 haben wird.} (9... e5 $5 10. cxd5 cxd5 11. dxe5 Nxe5 12.
Nxe5 Bxe5 13. Ne2 Bg4 14. Bxe5 Qxe5 15. Qc3 (15. Nd4 $5) 15... Qxc3+ 16. Nxc3
d4 17. exd4 Rad8 18. f3 Rxd4 19. O-O-O Rfd8 $11 {Milov,V-Khenkin,I/Strasbourg
FRA 1999}) 10. e4 $146 (10. O-O e5 11. cxd5 $5 {Ein unklares Figurenopfer.} (
11. e4 $6 exd4) 11... e4 (11... cxd5 $2 12. e4 $16 {-siehe die Partie.}) 12.
Nxe4 Nxe4 13. dxc6 Nb6 14. Ne5 Nf6 $13) (10. Rd1 dxc4 (10... e5 $5 11. dxe5
Nxe5 12. Nxe5 Bxe5 13. cxd5 cxd5 14. O-O Bg4 $11) 11. Bxc4 h6 12. O-O e5 13.
Nh4 Nf8 14. Nf5 Bxf5 15. Qxf5 exd4 16. Rxd4 Be5 17. Rdd1 Rad8 $11 {Eng,
H-Velikov,P/Hamburg 1984}) 10... e5 $2 {Es ist schon erstaunlich, daß dieser
natürliche Zug Schwarz zu großen Schwierigkeiten führt.} (10... dxe4 $6 {
war sehr verlockend, der weiße König verliert das Rochaderecht.} 11. Nxe4 Nxe4
12. Bxe4 Bb4+ 13. Ke2 $1 ({nicht} 13. Bc3 Bxc3+ 14. Qxc3 e5 $11) 13... Nf6 14.
Rhd1 Nxe4 15. Qxe4 $14 {Schwarz hat eine schlechte Figur- sein Bc8 ist sehr
passiv, und die Befreiung durch e6-e5 ist unmöglich.}) (10... dxc4 $1 {hieß
die richtige Lösung.} 11. Bxc4 (11. bxc4 e5 12. d5 Nc5 13. Be2 Nh5 14. g3 Bh3
$11) 11... e5 12. O-O exd4 13. Nxd4 Ne5 $1 (13... Bxh2+ $2 14. Kxh2 Qe5+ 15.
Kg1 Qxd4 16. Nb5 Qxe4 17. Bxf7+ $16) 14. Be2 Ng6 $11 {Es entstand eine
Stellung mit gegenseitigen Chancen. Weiß sollte vorsichtig sein, falsch wäre z.
B.} 15. Nf5 $2 Bxf5 16. exf5 Qe5 17. g3 Nh4 $15) 11. cxd5 $1 {Dieser wichtige
Zwischentausch schwächt den Punkt d5.} cxd5 12. O-O $16 exd4 (12... dxe4 13.
Nxe4 Nxe4 14. Bxe4 h6 15. Rfe1 Qf6 16. Rad1 $16) 13. Nxd5 {Nun ist dieser Zug
möglich geworden.} Nxd5 14. exd5 Ne5 {Guter Rat war schon teuer, Schwarz
opfert zwei Bauern und versucht einen verzweifelten Angriff.} (14... Nf6 15.
Rae1 Qf8 16. Rxe8 Qxe8 17. Bxd4 $16) 15. Bxh7+ Kh8 16. Nxd4 Ng4 (16... Qh4 17.
Bf5 Ng4 18. h3 $18) (16... g6 17. Bxg6 fxg6 18. f4 $18) 17. g3 $18 {Der Rest
ist einfach.} Qg5 18. Rae1 Bd7 19. Bf5 Qh6 20. h4 Bxg3 21. fxg3 Ne3 22. Qf2
Nxf1 23. Rxf1 Qd6 24. Bxd7 Qxd7 25. Qxf7 Qg4 26. Nf5 Rg8 27. Rf4 Qd1+ 28. Kg2
Qe2+ 29. Kh3 1-0

[Event "RUS-chT 03rd"]
[Site "Kazan"]
[Date "1995.??.??"]
[Round "2"]
[White "Zvjaginsev, Vadim"]
[Black "Stripunsky, Alexander"]
[Result "1-0"]
[WhiteElo "2600"]
[BlackElo "2495"]
[Annotator "Dolmatov,S"]
[PlyCount "73"]
[EventDate "1995.??.??"]
[EventType "team-tourn"]
[EventRounds "9"]
[EventCountry "RUS"]
[SourceTitle "CBM 051"]
[Source "ChessBase"]
[SourceDate "1996.04.01"]
[SourceVersion "1"]
[SourceVersionDate "1996.04.01"]
[SourceQuality "1"]
[WhiteTeam "Azov Ladya"]
[BlackTeam "Surgut Fakel-Surgutgazprom"]
[WhiteTeamCountry "RUS"]
[BlackTeamCountry "RUS"]

1. d4 d5 2. c4 c6 3. Nc3 Nf6 4. e3 e6 5. Nf3 Nbd7 6. Qc2 Bd6 7. Be2 O-O 8. O-O
(8. b3 dxc4 9. bxc4 e5 10. O-O Re8 11. Bb2 exd4 12. exd4 Nf8 $10) 8... dxc4 (
8... b6 $6 9. e4 dxe4 10. Nxe4 Nxe4 11. Qxe4 Bb7 12. Bg5 $14) 9. Bxc4 a6 (9...
b5 10. Be2 Bb7 11. e4 e5) 10. a4 (10. e4 e5 11. d5 $6 Nb6) 10... Qc7 11. Rd1 (
11. a5 b5 12. axb6 Nxb6 13. Bd3 Nbd5 $10) 11... b5 12. Be2 (12. axb5 $2 cxb5
13. Bxb5 $2 axb5 14. Rxa8 b4 $15) 12... Bb7 $10 13. Bd2 Rac8 (13... b4 $5 14.
Ne4 (14. Na2 $6 c5 15. Rac1 Qb6 $15) 14... Nxe4 15. Qxe4 c5 16. Qh4 Nf6 (16...
cxd4 17. exd4 $13) 17. Rac1 Qe7 18. Bd3 $10) 14. b4 a5 (14... Bxb4 $2 15. Nxb5
cxb5 16. Qxc7 Rxc7 17. Bxb4 $16) 15. bxa5 (15. axb5 $5 Bxb4 $5 (15... cxb5 $6
16. Qb2 Bxf3 17. gxf3 Bxh2+ 18. Kg2 $40) (15... axb4 16. Na2 cxb5 17. Qxc7 Rxc7
18. Bxb4 $14) 16. Na4 cxb5 17. Qxc7 Rxc7 18. Bxb5) 15... b4 16. a6 Ba8 (16...
bxc3 17. axb7 $16) 17. Na2 (17. Ne4 $6 Nxe4 18. Qxe4 c5 19. Qh4 c4 $44) 17...
c5 18. dxc5 Ne5 19. Bxb4 Nxf3+ 20. Bxf3 Bxh2+ 21. Kh1 Bxf3 22. gxf3 Nd5 $2 (
22... Qe5 23. Kg2) (22... Qc6 23. Kxh2 Qxf3 24. Rd4) (22... Be5 $5 23. Rab1 Qc6
$132) 23. c6 Nxb4 24. Nxb4 Bd6 (24... Be5 25. Rac1 (25. Rd7 Qa5 (25... Qxd7 $2
26. cxd7 Rxc2 27. Rd1 $18) 26. Rb1 Bc7 $13) 25... Qe7 26. Qe4 Qf6 27. f4 $16) (
24... Qa5 25. Rab1 Qh5 26. Kg2 $16) 25. Rab1 Rfd8 $2 (25... f5 $5) (25... Bxb4
26. Rxb4 Qxc6 27. Qxc6 Rxc6 28. a7 Ra6 29. Rb8 Rxa7 30. Rdd8 $18) 26. Rd4 Rf8
27. a7 Bxb4 28. Rdxb4 Qxa7 29. Rb7 Qa5 30. R1b5 Qe1+ 31. Kg2 f5 $2 (31... Rfd8
32. Rd7 $16) 32. Qb2 $1 Rf6 33. Qxf6 gxf6 34. Rb8 $18 Kg7 35. Rxc8 f4 36. e4 f5
37. Rg8+ (37. Rg8+ Kxg8 38. c7 Qc1 39. Rb8+ Kg7 40. c8=Q $18) 1-0

[Event "IBM-20 Kroongroep"]
[Site "Amsterdam"]
[Date "1980.06.??"]
[Round "?"]
[White "Larsen, Bent"]
[Black "Dolmatov, Sergey"]
[Result "0-1"]
[WhiteElo "2590"]
[BlackElo "2535"]
[Annotator "Dolmatov,S"]
[PlyCount "70"]
[EventDate "1980.06.26"]
[EventType "tourn"]
[EventRounds "14"]
[EventCountry "NED"]
[EventCategory "14"]
[SourceTitle "MCL"]
[Source "ChessBase"]
[SourceDate "1999.07.01"]
[SourceVersion "1"]
[SourceVersionDate "1999.07.01"]
[SourceQuality "1"]

1. c4 c6 2. Nc3 d5 3. d4 Nf6 4. e3 e6 5. Nf3 Nbd7 6. Be2 Bd6 7. O-O O-O 8. b3
Re8 9. Bb2 dxc4 10. Bxc4 b5 (10... e5 $6 11. Ng5 Rf8 12. Nge4 Nxe4 13. Nxe4 $14
) 11. Bd3 Bb7 12. Rc1 Rc8 $1 (12... a6 $6 13. Ne4 Nxe4 14. Bxe4 $14) 13. a4 (
13. Ne4 Nxe4 14. Bxe4 Nf6 15. Bb1 c5 $10) 13... a6 14. Qe2 e5 15. dxe5 Nxe5 16.
Bf5 Rb8 (16... Rc7 $6 17. Rfd1 $14) 17. Ne4 $2 (17. h3 $32) 17... Nxf3+ 18.
Qxf3 $2 (18. gxf3 $32) 18... Nxe4 19. Bxe4 Qh4 $19 20. Rfd1 Bxh2+ 21. Kf1 Qxe4
22. Qxe4 Rxe4 23. g3 Bxg3 24. fxg3 Rxe3 25. Rd7 h6 26. Rc3 Rxc3 27. Bxc3 c5 28.
a5 Bc6 29. Ra7 (29. Rc7 b4 $19) 29... b4 30. Be5 Re8 31. Bd6 Bb5+ 32. Kf2 Re2+
33. Kf3 Rb2 34. Bxc5 Rxb3+ 35. Kf4 Rb1 0-1